Word Ladder: U-Boat Cinema Quiz Stats

 Plays Quiz Updated Feb 13, 2018

Challenge
Share
Tweet
Embed
Score 0/12 Timer 01:30
7 Plays Today
Clue 4-Letter Word % Correct
The ___ for Red October (1990)🎥 HUNT 🎥
98.2%
Cause physical pain or injuryHURT
97.5%
Female spouseWIFE
97%
Broad not narrowWIDE
96%
Crimson ___ (1995)🎥 TIDE 🎥
95.7%
Bacharach, Lancaster or Reynolds, e.g.BURT
95.3%
Fork prongTINE
92.9%
This clue?HINT
89.5%
Shade or color varietyTINT
89%
The ___ Aquatic with Steve Zissou (2004)🎥 LIFE 🎥
88.1%
Das ___ (1981)🎥 BOOT 🎥
83.4%
Diamond shards used for cuttingBORT
79.2%

Today's Daily Dose

You're not logged in!

Compare scores with friends on all Sporcle quizzes.
OR
Log In

You Might Also Like...

Show Comments

Extras

Top Quizzes Today


Score Distribution

Your Account Isn't Verified!

In order to create a playlist on Sporcle, you need to verify the email address you used during registration. Go to your Sporcle Settings to finish the process.

Report this User

Report this user for behavior that violates our Community Guidelines.

Details: